000 00744nam a2200241Ia 4500
003 OSt
005 20221005110509.0
006 a|||||r|||| 00| 0
007 ta
008 221004b |||||||| |||| 00| 0 hin d
024 _a30925
037 _cTextual
040 _aCRL
_cCRL
_bhin
041 _2hin
_ahin
082 _aE:8, M0
100 _aशर्मा, विनयमोहन
245 0 _aशोध-प्रविधि
246 _aShodha-pravidhi
260 _aनई दिल्ली
_bनेशनल पब्लिशिंग हाउस भारत
_c1980
300 _a228पृ.
_ccm.
942 _hE:8, M0
_cTEXL
_2cc
999 _c1019009
_d1019009